[Event "Remote Easter Gr.C email"]
[Site "Remote email"]
[Date "2014.05.01"]
[Round "?"]
[White "Brueske, Thomas"]
[Black "Vetter, Udo"]
[Result "1-0"]
[WhiteElo "2338"]
[BlackElo "1727"]
[PlyCount "79"]
[EventDate "2014.??.??"]
[EventType "tourn (corr)"]
[EventRounds "8"]
[EventCountry "GER"]
[SourceTitle "Corr 2015"]
[Source "ChessBase"]
[SourceDate "2015.07.17"]
[SourceVersion "1"]
[SourceVersionDate "2015.07.17"]
[SourceQuality "1"]

1. e4 c5 2. Nf3 Nc6 3. d4 cxd4 4. Nxd4 Nf6 5. Nc3 g6 6. Nxc6 bxc6 7. e5 Nh5 8. Bd3 d6 9. exd6 exd6 10. 0-0 Bg7 11. Be4 d5 12. Nxd5 cxd5 13. Bxd5 Rb8 14. Bxf7+ Kxf7 15. Qf3+ Qf6 16. Qa3 Re8 17. Qxa7+ Rb7 18. Qc5 Be6 19. Qc6 Rbe7 20. c3 Nf4 21. Qe4 Nh5 22. Qc6 Bf5 23. Qf3 Be4 24. Qxf6+ Nxf6 25. Bf4 Nh5 26. Bg5 Re6 27. Rfe1 h6 28. Bc1 Bd5 29. Rxe6 Rxe6 30. Be3 Nf6 31. h3 Ra6 32. a4 Bb3 33. a5 Nd5 34. Bc5 Nf4 35. Be3 Nd3 36. Ra3 Be6 37. b4 Bc4 38. f3 Ne1 39. Ra4 Bb5 40. Ra2 1-0

[Event "Remote Easter Gr.C email"]
[Site "Remote email"]
[Date "2014.05.01"]
[Round "?"]
[White "Brueske, Thomas"]
[Black "Warzecha, Helmut"]
[Result "0-1"]
[WhiteElo "2338"]
[BlackElo "2439"]
[PlyCount "132"]
[EventDate "2014.??.??"]
[EventType "tourn (corr)"]
[EventRounds "8"]
[EventCountry "GER"]
[SourceTitle "Corr 2015"]
[Source "ChessBase"]
[SourceDate "2015.07.17"]
[SourceVersion "1"]
[SourceVersionDate "2015.07.17"]
[SourceQuality "1"]

1. e4 c5 2. Nf3 d6 3. d4 cxd4 4. Nxd4 Nf6 5. Nc3 a6 6. Bc4 e6 7. Bb3 Nbd7 8. Bg5 Nc5 9. f4 Be7 10. Qf3 Qc7 11. 0-0 0-0 12. Rad1 h6 13. Bh4 b5 14. e5 Bb7 15. Qe2 dxe5 16. fxe5 Nfe4 17. Nxe4 Bxe4 18. Bxe7 Qxe7 19. Rf4 Bg6 20. h4 Rad8 21. Kh2 Rc8 22. Rdf1 Kh8 23. h5 Bh7 24. Kg1 b4 25. Qe3 Nd7 26. Ba4 Nb6 27. Bb3 Nd5 28. Bxd5 exd5 29. e6 f6 30. R1f2 Be4 31. Rg4 Rfe8 32. Kh2 Rc4 33. b3 Rxd4 34. Qxd4 Qxe6 35. Rh4 Qd6+ 36. Kg1 Re5 37. Rd2 Qb8 38. c3 bxc3 39. Qxc3 Rg5 40. b4 f5 41. Rf2 Qb6 42. Qc5 Qf6 43. Qe3 Kh7 44. Qe1 Qd4 45. Kh1 Qe5 46. Qd2 d4 47. Rh3 d3 48. Kg1 Qd4 49. Kh2 Rg4 50. a3 f4 51. Qb2 Qd6 52. Kg1 f3 53. Rhxf3 Bxf3 54. Rxf3 Qd5 55. Rf1 Re4 56. Rd1 Re2 57. Qxe2 dxe2 58. Rxd5 e1Q+ 59. Kh2 Qc3 60. Ra5 Qd3 61. Kg1 g5 62. hxg6+ Kxg6 63. Kh1 Qf1+ 64. Kh2 h5 65. Rc5 Qf6 66. Ra5 h4 0-1

[Event "Remote Easter Gr.C email"]
[Site "Remote email"]
[Date "2014.05.01"]
[Round "?"]
[White "Frenzel, Lothar"]
[Black "Brueske, Thomas"]
[Result "1/2-1/2"]
[WhiteElo "2176"]
[BlackElo "2338"]
[PlyCount "77"]
[EventDate "2014.??.??"]
[EventType "tourn (corr)"]
[EventRounds "8"]
[EventCountry "GER"]
[SourceTitle "Corr 2015"]
[Source "ChessBase"]
[SourceDate "2015.07.17"]
[SourceVersion "1"]
[SourceVersionDate "2015.07.17"]
[SourceQuality "1"]

1. Nf3 d5 2. d4 Nf6 3. e3 e6 4. c4 c5 5. Nc3 Nc6 6. a3 a6 7. h3 b6 8. Bd3 dxc4 9. Bxc4 Bd6 10. 0-0 Bb7 11. Qe2 0-0 12. dxc5 bxc5 13. Rd1 Qc7 14. Rb1 Rfd8 15. b3 Na5 16. Bd3 h6 17. Nd2 Rd7 18. Bc2 Rad8 19. Bb2 Be7 20. Nf3 c4 21. b4 Nb3 22. Rxd7 Nxd7 23. Rd1 Nb6 24. Rxd8+ Bxd8 25. Nd2 Nxd2 26. Qxd2 Bf6 27. e4 Nd7 28. Qe3 g5 29. Nd1 Be5 30. Bxe5 Nxe5 31. Qd4 f6 32. Nb2 Kf7 33. Qc3 Qc6 34. f3 h5 35. Bd1 a5 36. bxa5 Ba6 37. Be2 h4 38. Kf1 Qb5 39. Kg1 1/2-1/2

[Event "Remote S5E No Engine Pyramide email"]
[Site "Remote email"]
[Date "2014.04.25"]
[Round "?"]
[White "Brueske, Thomas"]
[Black "Neumann, Andreas"]
[Result "1-0"]
[WhiteElo "2339"]
[BlackElo "2164"]
[PlyCount "39"]
[EventDate "2014.??.??"]
[EventType "tourn (corr)"]
[EventRounds "6"]
[EventCountry "GER"]
[SourceTitle "Corr 2015"]
[Source "ChessBase"]
[SourceDate "2015.07.17"]
[SourceVersion "1"]
[SourceVersionDate "2015.07.17"]
[SourceQuality "1"]

1. e4 e5 2. Nf3 Nc6 3. Bb5 Nf6 4. Bxc6 dxc6 5. Nxe5 Nxe4 6. d3 Nf6 7. Qe2 Be7 8. Bg5 h6 9. Bh4 g5 10. Bg3 Nd7 11. Nxd7 Bxd7 12. Nc3 0-0 13. 0-0 Bb4 14. Ne4 c5 15. c3 Ba5 16. Nxc5 Re8 17. Qh5 Bb6 18. Nxd7 Qxd7 19. Qxh6 Qxd3 20. Qxg5+ 1-0

[Event "Remote 4 Seasons Spring email"]
[Site "Remote email"]
[Date "2014.04.15"]
[Round "?"]
[White "Brueske, Thomas"]
[Black "Kirwald, Franz"]
[Result "1/2-1/2"]
[WhiteElo "2339"]
[BlackElo "2328"]
[PlyCount "163"]
[EventDate "2014.??.??"]
[EventType "tourn (corr)"]
[EventRounds "11"]
[EventCountry "GER"]
[SourceTitle "Corr 2015"]
[Source "ChessBase"]
[SourceDate "2015.07.17"]
[SourceVersion "1"]
[SourceVersionDate "2015.07.17"]
[SourceQuality "1"]

1. d4 Nf6 2. c4 c5 3. d5 e6 4. Nf3 exd5 5. cxd5 d6 6. Nc3 g6 7. h3 Bg7 8. e4 0-0 9. Bd3 b5 10. Nxb5 Re8 11. 0-0 Nxe4 12. Re1 a6 13. Na3 Nf6 14. Rxe8+ Nxe8 15. Nc4 Bb7 16. Bf4 Qc7 17. Qd2 Nd7 18. Be2 Ndf6 19. Ne3 Qd7 20. Bc4 Nc7 21. Rd1 Nb5 22. Qa5 Re8 23. Qb6 Bf8 24. a4 Qc7 25. Qxc7 Nxc7 26. Rd3 h6 27. g4 Re4 28. Bg3 Kg7 29. a5 Re8 30. Nd2 Ba8 31. f3 Rb8 32. b3 Re8 33. Kf2 Bb7 34. Nb1 Nb5 35. Nc3 Nxc3 36. Rxc3 Be7 37. Rc1 Nd7 38. Re1 Kg8 39. Nd1 Kf8 40. Kg2 Ne5 41. Bxe5 dxe5 42. Rxe5 Bf6 43. Rxe8+ Kxe8 44. Nf2 Ke7 45. h4 Bxh4 46. Ne4 Be1 47. d6+ Ke8 48. Nxc5 Bc8 49. Bxa6 Bxa6 50. Nxa6 Bxa5 51. b4 Bb6 52. Nb8 Be3 53. Kg3 g5 54. Nc6 f6 55. Ne7 Bf4+ 56. Kf2 Bxd6 57. Nd5 Kd7 58. Ke3 Kc6 59. Kd4 f5 60. Kc4 fxg4 61. b5+ Kd7 62. fxg4 Bf8 63. Kd3 Bg7 64. Ne3 Bf8 65. Kd4 Kc8 66. Kd5 Kc7 67. Nc4 Bb4 68. Ke5 Be1 69. Kf6 Bb4 70. Kg7 h5 71. gxh5 g4 72. Ne3 g3 73. Ng2 Bd2 74. Kg6 Kb6 75. Kf5 Kxb5 76. Kg4 Kc6 77. Kxg3 Kd7 78. Kg4 Ke6 79. Nh4 Kf6 80. Nf5 Bc1 81. Nd6 Kg7 82. Ne4 1/2-1/2

[Event "Remote S7E Adv-140 email"]
[Site "Remote email"]
[Date "2014.03.29"]
[Round "?"]
[White "Brueske, Thomas"]
[Black "Wittig, Frank"]
[Result "1-0"]
[WhiteElo "2339"]
[BlackElo "2319"]
[PlyCount "149"]
[EventDate "2014.??.??"]
[EventType "tourn (corr)"]
[EventRounds "6"]
[EventCountry "GER"]
[SourceTitle "Corr 2015"]
[Source "ChessBase"]
[SourceDate "2015.07.17"]
[SourceVersion "1"]
[SourceVersionDate "2015.07.17"]
[SourceQuality "1"]

1. e4 e5 2. Nf3 Nc6 3. Bb5 Nf6 4. 0-0 Nxe4 5. d4 exd4 6. Re1 d5 7. Qxd4 Be6 8. Qa4 Qd6 9. Bf4 Qc5 10. Be3 Qd6 11. Nd4 Be7 12. Nc3 Nxc3 13. bxc3 0-0 14. Nxc6 bxc6 15. Bxc6 Rab8 16. Bxa7 Rb2 17. Reb1 Qa3 18. Qxa3 Bxa3 19. Rxb2 Bxb2 20. Rd1 Bxc3 21. Rd3 d4 22. Bxd4 Rb8 23. h3 Bxd4 24. Rxd4 Kf8 25. a4 Rb2 26. a5 Rxc2 27. a6 Rxc6 28. a7 Rc1+ 29. Kh2 Ra1 30. Rd8+ Ke7 31. a8Q Rxa8 32. Rxa8 h5 33. Kg3 Bd5 34. Rh8 g6 35. f3 Kf6 36. Kf4 g5+ 37. Ke3 Kg6 38. Rg8+ Kf5 39. g3 f6 40. Rg7 c6 41. h4 gxh4 42. gxh4 Bc4 43. Rh7 Kg6 44. Rc7 Bb5 45. Ke4 Ba4 46. Rc8 Bb5 47. Rg8+ Kf7 48. Ra8 Kg6 49. Ra7 Bc4 50. Rc7 Bd5+ 51. Kf4 Kh6 52. Kf5 Bxf3 53. Kxf6 Bd5 54. Rc8 Kh7 55. Re8 Bf3 56. Re3 Bg4 57. Rc3 Kg8 58. Ke7 Kg7 59. Rxc6 Bf5 60. Rf6 Be4 61. Re6 Bf5 62. Re5 Bg4 63. Rg5+ Kh7 64. Kf6 Kh6 65. Rg8 Kh7 66. Rd8 Bf3 67. Kg5 Kg7 68. Rd7+ Kf8 69. Rd3 Bg4 70. Re3 Kf7 71. Re1 Kg7 72. Re7+ Kf8 73. Kf6 Kg8 74. Kg6 Kf8 75. Re1 1-0

[Event "Remote S7E Adv-140 email"]
[Site "Remote email"]
[Date "2014.03.29"]
[Round "?"]
[White "Raap, Christian"]
[Black "Brueske, Thomas"]
[Result "1/2-1/2"]
[WhiteElo "2357"]
[BlackElo "2339"]
[PlyCount "64"]
[EventDate "2014.??.??"]
[EventType "tourn (corr)"]
[EventRounds "6"]
[EventCountry "GER"]
[SourceTitle "Corr 2015"]
[Source "ChessBase"]
[SourceDate "2015.07.17"]
[SourceVersion "1"]
[SourceVersionDate "2015.07.17"]
[SourceQuality "1"]

1. d4 d5 2. c4 e6 3. Nc3 Nf6 4. Bg5 Be7 5. Nf3 h6 6. Bh4 0-0 7. Rc1 b6 8. e3 Bb7 9. Be2 dxc4 10. Bxc4 Nbd7 11. 0-0 c5 12. Qe2 a6 13. a4 cxd4 14. Nxd4 Nc5 15. Rfd1 Qe8 16. Bg3 Nfe4 17. Nxe4 Nxe4 18. Bc7 Qxa4 19. f3 Nf6 20. Bxb6 Nd5 21. Bb3 Qb4 22. Bxd5 Bxd5 23. Nc6 Bxc6 24. Rxc6 Bf6 25. Bd4 Bxd4 26. Rxd4 Qb3 27. Kf2 Rad8 28. Rdc4 a5 29. f4 Rd5 30. Rc3 Qb4 31. Kf3 Rfd8 32. Rc8 Qb7 1/2-1/2

[Event "Remote S7E High-153 email"]
[Site "Remote email"]
[Date "2014.02.12"]
[Round "?"]
[White "Raap, Christian"]
[Black "Brueske, Thomas"]
[Result "1/2-1/2"]
[WhiteElo "2357"]
[BlackElo "2339"]
[PlyCount "102"]
[EventDate "2014.??.??"]
[EventType "tourn (corr)"]
[EventRounds "6"]
[EventCountry "GER"]
[SourceTitle "Corr 2015"]
[Source "ChessBase"]
[SourceDate "2015.07.17"]
[SourceVersion "1"]
[SourceVersionDate "2015.07.17"]
[SourceQuality "1"]

1. d4 Nf6 2. c4 e6 3. Nf3 d5 4. Nc3 Be7 5. cxd5 exd5 6. g3 Ne4 7. Qb3 c6 8. Bg2 Qb6 9. 0-0 Qxb3 10. axb3 Nd6 11. Bf4 Na6 12. Rfe1 Nb4 13. e4 Nxe4 14. Nxe4 dxe4 15. Rxe4 Bf5 16. Re2 Be6 17. Bg5 Bd6 18. Ne5 a5 19. Bf3 h6 20. Bf4 Bxe5 21. Rxe5 b6 22. Rc1 Kd7 23. Bd2 Rac8 24. Re3 Kd6 25. Bxb4+ axb4 26. Kg2 Rhf8 27. h3 Rfe8 28. Re2 Red8 29. Rec2 c5 30. Rd2 Ke7 31. d5 Bf5 32. g4 Bh7 33. Ra1 Kd6 34. Ra6 Rb8 35. h4 Rd7 36. Kg3 g5 37. hxg5 hxg5 38. Ra1 Rdd8 39. Be2 Ra8 40. Rh1 Bg6 41. Bb5 Ra7 42. Bd3 Bxd3 43. Rxd3 Rg8 44. Rh6+ Rg6 45. Rh8 Ra1 46. f3 Rf6 47. Kg2 Rf4 48. Rd8+ Kc7 49. Rf8 Rb1 50. Rd2 Kd7 51. Kf2 Kd6 1/2-1/2

[Event "Remote S7E Adv-137 email"]
[Site "Remote email"]
[Date "2013.11.11"]
[Round "?"]
[White "Brueske, Thomas"]
[Black "Hansen, Marco"]
[Result "1/2-1/2"]
[WhiteElo "2310"]
[BlackElo "2247"]
[PlyCount "114"]
[EventDate "2013.??.??"]
[EventType "tourn (corr)"]
[EventRounds "6"]
[EventCountry "GER"]
[SourceTitle "Corr 2015"]
[Source "ChessBase"]
[SourceDate "2015.07.17"]
[SourceVersion "1"]
[SourceVersionDate "2015.07.17"]
[SourceQuality "1"]

1. e4 e6 2. d4 d5 3. e5 c5 4. Nf3 cxd4 5. Qxd4 Nc6 6. Qf4 Bd7 7. Bd3 Nb4 8. 0-0 Nxd3 9. cxd3 Ne7 10. Be3 Ng6 11. Qg3 Be7 12. Nc3 0-0 13. Rac1 Rc8 14. h3 Qa5 15. a3 Bd8 16. Qg4 Bc6 17. Rfe1 Bc7 18. d4 Ne7 19. Bg5 Bd8 20. Rc2 Ba4 21. Bf6 Ng6 22. Bxd8 Qxd8 23. Rcc1 Bd7 24. Rc2 Bb5 25. Qg5 Qa5 26. Qd2 Bc4 27. Re3 Bb3 28. Rc1 Qb6 29. Ne2 Ne7 30. Rcc3 Ba4 31. Nf4 Rfd8 32. Nh5 Nf5 33. Red3 Bb5 34. Rxc8 Rxc8 35. Rb3 Qc6 36. Rc3 Qe8 37. Qg5 Kh8 38. Rxc8 Qxc8 39. g4 h6 40. Qf4 Qc4 41. gxf5 Qf1+ 42. Kh2 Qxf2+ 43. Kh1 exf5 44. Qg3 Qxg3 45. Nxg3 g6 46. Kg2 Kg7 47. h4 f6 48. Kf2 Bd3 49. Ne2 g5 50. Nc3 Be4 51. exf6+ Kxf6 52. Nxe4+ dxe4 53. hxg5+ hxg5 54. Ng1 f4 55. Nh3 e3+ 56. Ke2 Kf5 57. d5 g4 1/2-1/2

[Event "Remote S7E Adv-137 email"]
[Site "Remote email"]
[Date "2013.11.11"]
[Round "?"]
[White "Varizerl, Varizerl"]
[Black "Brueske, Thomas"]
[Result "0-1"]
[WhiteElo "2047"]
[BlackElo "2341"]
[PlyCount "58"]
[EventDate "2013.??.??"]
[EventType "tourn (corr)"]
[EventRounds "6"]
[EventCountry "GER"]
[SourceTitle "Corr 2015"]
[Source "ChessBase"]
[SourceDate "2015.07.17"]
[SourceVersion "1"]
[SourceVersionDate "2015.07.17"]
[SourceQuality "1"]

1. Nf3 Nf6 2. g3 d5 3. Bg2 e6 4. 0-0 Be7 5. d4 0-0 6. c4 dxc4 7. Qa4 a6 8. Qxc4 b5 9. Qc2 Bb7 10. Bg5 Nbd7 11. Rd1 h6 12. Bxf6 Nxf6 13. Ne5 Bxg2 14. Kxg2 Qd5+ 15. f3 c5 16. e4 Qb7 17. dxc5 Rfc8 18. b4 a5 19. Nd2 axb4 20. Nb3 Qc7 21. Nd3 Nd7 22. Qe2 Nxc5 23. Rac1 Qa7 24. Qf2 Qxa2 25. Nbxc5 Bxc5 26. Qxa2 Rxa2+ 27. Kh3 Ra3 28. Rxc5 Rd8 29. Nb2 Rxd1 0-1

[Event "Remote S7E Adv-137 email"]
[Site "Remote email"]
[Date "2013.11.11"]
[Round "?"]
[White "Wittig, Frank"]
[Black "Brueske, Thomas"]
[Result "0-1"]
[WhiteElo "2338"]
[BlackElo "2310"]
[PlyCount "108"]
[EventDate "2013.??.??"]
[EventType "tourn (corr)"]
[EventRounds "6"]
[EventCountry "GER"]
[SourceTitle "Corr 2015"]
[Source "ChessBase"]
[SourceDate "2015.07.17"]
[SourceVersion "1"]
[SourceVersionDate "2015.07.17"]
[SourceQuality "1"]

1. d4 Nf6 2. c4 e6 3. Nc3 Bb4 4. Bd2 0-0 5. Nf3 b6 6. e3 Bxc3 7. Bxc3 Ne4 8. Bd3 Nxc3 9. bxc3 Bb7 10. 0-0 d6 11. Qc2 Bxf3 12. gxf3 f5 13. Kh1 Nd7 14. Rg1 g6 15. a4 a5 16. f4 Rb8 17. Rae1 Kh8 18. Rg3 Qh4 19. Rd1 Rbd8 20. Bf1 Qe7 21. Bg2 Nf6 22. Rb1 e5 23. fxe5 dxe5 24. Kg1 Qe6 25. Rb5 Qxc4 26. Rxe5 c5 27. Qb2 Qxa4 28. Bf3 Ne4 29. Bxe4 Qd1+ 30. Kg2 fxe4 31. Rxe4 a4 32. Re7 Qb3 33. Qe2 Rf7 34. Rxf7 Qxf7 35. Rf3 Qe6 36. Qa6 a3 37. Qxa3 Qe4 38. Kg3 h5 39. Rf4 Qh1 40. h3 g5 41. Rf6 h4+ 42. Kg4 Qe4+ 43. Kh5 Kg7 44. Qa7+ Kxf6 45. Qxb6+ Ke7 46. Qxc5+ Ke6 47. Qc4+ Qd5 48. Qxd5+ Rxd5 49. Kg4 Ra5 50. c4 Ra2 51. Kxg5 Rxf2 52. d5+ Kd7 53. Kxh4 Rf3 54. e4 Rf4+ 0-1

[Event "Remote Pyramide email"]
[Site "Remote email"]
[Date "2013.10.18"]
[Round "?"]
[White "Brueske, Thomas"]
[Black "Hofstetter, Hans Joachim"]
[Result "0-1"]
[WhiteElo "2339"]
[BlackElo "2432"]
[PlyCount "98"]
[EventDate "2013.??.??"]
[EventType "tourn (corr)"]
[EventRounds "6"]
[EventCountry "GER"]
[SourceTitle "Corr 2015"]
[Source "ChessBase"]
[SourceDate "2015.07.17"]
[SourceVersion "1"]
[SourceVersionDate "2015.07.17"]
[SourceQuality "1"]

1. e4 c5 2. Nf3 Nc6 3. d4 cxd4 4. Nxd4 Nf6 5. Nc3 e5 6. Ndb5 d6 7. Bg5 a6 8. Na3 b5 9. Bxf6 gxf6 10. Nd5 f5 11. Bd3 Be6 12. 0-0 Bxd5 13. exd5 Ne7 14. Nxb5 Bg7 15. Nc3 e4 16. Bc4 0-0 17. Bb3 Ng6 18. f4 Bxc3 19. bxc3 Qf6 20. Qd4 Kg7 21. Qe3 a5 22. a4 Nh4 23. Rad1 Kh8 24. Rf2 Rac8 25. c4 Rg8 26. Kh1 Rg6 27. Rdf1 Qg7 28. g3 Nf3 29. Rxf3 exf3 30. Rxf3 h5 31. h4 Qa1+ 32. Kg2 Rgg8 33. Qd3 Qf6 34. c3 Rge8 35. Re3 Rxe3 36. Qxe3 Rb8 37. Bd1 Rb2+ 38. Kf1 Kg8 39. Ke1 Ra2 40. c5 dxc5 41. Qxc5 Qd8 42. Kf1 Rh2 43. Qd4 Qb8 44. Qd3 Qb6 45. Qf3 Kg7 46. c4 Qd4 47. Be2 f6 48. Ke1 Qa1+ 49. Bd1 Qb1 0-1

[Event "Remote Random email"]
[Site "Remote email"]
[Date "2013.08.07"]
[Round "?"]
[White "Brueske, Thomas"]
[Black "Spieler, Freakie"]
[Result "1-0"]
[WhiteElo "2300"]
[BlackElo "2249"]
[PlyCount "111"]
[EventDate "2013.??.??"]
[EventType "tourn (corr)"]
[EventRounds "6"]
[EventCountry "GER"]
[SourceTitle "Corr 2015"]
[Source "ChessBase"]
[SourceDate "2015.07.17"]
[SourceVersion "1"]
[SourceVersionDate "2015.07.17"]
[SourceQuality "1"]

1. e4 e5 2. Nf3 Nc6 3. Bc4 Bc5 4. c3 Qe7 5. d4 exd4 6. 0-0 Ne5 7. Nxe5 Qxe5 8. cxd4 Bxd4 9. Nd2 Bb6 10. Nf3 Qh5 11. a4 Nh6 12. Bxh6 gxh6 13. e5 a5 14. Rc1 Rg8 15. Bd3 Kf8 16. Rc4 Rg4 17. Re1 Rxc4 18. Bxc4 Qf5 19. Qd2 Qg6 20. g3 d6 21. exd6 cxd6 22. Nh4 Qf6 23. Re4 d5 24. Rf4 Qd6 25. Qxd5 Qxd5 26. Bxd5 Bh3 27. Rxf7+ Ke8 28. Nf5 Bxf5 29. Rxf5 Rd8 30. Bxb7 Rd2 31. b3 h5 32. h4 Ke7 33. Ba6 h6 34. Bc4 Rc2 35. Kg2 Rd2 36. Rf7+ Ke8 37. Rf6 Bd4 38. Rf5 Bb6 39. Bf7+ Kd7 40. Bxh5 Ke6 41. g4 Rd4 42. Bf7+ Ke7 43. f3 Bc7 44. Bc4 Rd2+ 45. Kf1 Bb6 46. Rf7+ Kd8 47. g5 hxg5 48. hxg5 Rf2+ 49. Ke1 Rg2 50. f4 Bd4 51. Bb5 Bc5 52. Bd3 Rg3 53. Kd2 Be3+ 54. Ke2 Bd4 55. g6 Re3+ 56. Kd2 1-0

[Event "Remote S7E Adv-135 email"]
[Site "Remote email"]
[Date "2013.07.29"]
[Round "?"]
[White "Skorna, Ullrich"]
[Black "Brueske, Thomas"]
[Result "1-0"]
[WhiteElo "2353"]
[BlackElo "2300"]
[PlyCount "81"]
[EventDate "2013.??.??"]
[EventType "tourn (corr)"]
[EventRounds "6"]
[EventCountry "GER"]
[SourceTitle "Corr 2015"]
[Source "ChessBase"]
[SourceDate "2015.07.17"]
[SourceVersion "1"]
[SourceVersionDate "2015.07.17"]
[SourceQuality "1"]

1. e4 e5 2. Nf3 Nf6 3. d4 exd4 4. e5 Ne4 5. Qe2 Nc5 6. Nxd4 Nc6 7. Be3 Nxd4 8. Bxd4 Qh4 9. Be3 Qb4+ 10. c3 Qe4 11. f4 d5 12. Nd2 Qg6 13. Nf3 c6 14. 0-0-0 Be7 15. Rg1 h5 16. Qf2 Ne4 17. Qc2 0-0 18. Bd3 a5 19. Kb1 a4 20. a3 Bf5 21. Nd4 Bd7 22. h3 h4 23. g4 hxg3 24. Ne2 Bf5 25. Nxg3 Nxg3 26. Bxf5 Qxf5 27. Rxg3 Qxc2+ 28. Kxc2 Rfe8 29. f5 Bf8 30. Bf4 Ra5 31. f6 g6 32. h4 Kh7 33. Rdg1 Rc5 34. h5 g5 35. Rxg5 Bh6 36. Rg7+ Bxg7 37. Rxg7+ Kh8 38. Rxf7 Ra5 39. h6 Raa8 40. Rxb7 Rf8 41. e6 1-0

[Event "Remote Random email"]
[Site "Remote email"]
[Date "2013.06.26"]
[Round "?"]
[White "Brueske, Thomas"]
[Black "Witt, Monika"]
[Result "1-0"]
[WhiteElo "2300"]
[BlackElo "1524"]
[PlyCount "61"]
[EventDate "2013.??.??"]
[EventType "tourn (corr)"]
[EventRounds "6"]
[EventCountry "GER"]
[SourceTitle "Corr 2015"]
[Source "ChessBase"]
[SourceDate "2015.07.17"]
[SourceVersion "1"]
[SourceVersionDate "2015.07.17"]
[SourceQuality "1"]

1. g3 c5 2. e3 e5 3. Bg2 d5 4. d4 e4 5. Nc3 a6 6. b3 c4 7. bxc4 Bb4 8. Nge2 Bxc3+ 9. Nxc3 Be6 10. cxd5 Bf5 11. Nxe4 Qxd5 12. Nf6+ Nxf6 13. Bxd5 Nxd5 14. Qf3 Be6 15. c4 Ra7 16. cxd5 Bd7 17. Qe4+ Kd8 18. 0-0 g6 19. Qe5 Ra8 20. Qxh8+ Be8 21. Qf6+ Kc8 22. Ba3 Nd7 23. Rfc1+ Kb8 24. Qd6+ Ka7 25. Bc5+ Nxc5 26. Qxc5+ Kb8 27. Qc7+ Ka7 28. Rab1 Rb8 29. Qb6+ Ka8 30. Rc8 Bd7 31. Rxb8+ 1-0

[Event "Remote Random email"]
[Site "Remote email"]
[Date "2013.06.26"]
[Round "?"]
[White "Klebe, Dieter"]
[Black "Brueske, Thomas"]
[Result "0-1"]
[WhiteElo "1620"]
[BlackElo "2300"]
[PlyCount "64"]
[EventDate "2013.??.??"]
[EventType "tourn (corr)"]
[EventRounds "6"]
[EventCountry "GER"]
[SourceTitle "Corr 2015"]
[Source "ChessBase"]
[SourceDate "2015.07.17"]
[SourceVersion "1"]
[SourceVersionDate "2015.07.17"]
[SourceQuality "1"]

1. g3 c5 2. Bg2 d5 3. Nc3 Nf6 4. d4 cxd4 5. Nb5 Qa5+ 6. c3 Qxb5 7. Nf3 dxc3 8. b3 e6 9. 0-0 Nc6 10. a4 Qb6 11. Be3 Bc5 12. Bxc5 Qxc5 13. e3 0-0 14. Nd4 e5 15. Nb5 Bf5 16. h3 Nb4 17. Qc1 c2 18. Qd2 Rfc8 19. Na3 Nd3 20. Nxc2 Qxc2 21. Qxc2 Rxc2 22. g4 Be6 23. Rab1 Rac8 24. b4 Ra2 25. a5 Rcc2 26. Rbd1 Nxf2 27. Rde1 Nxh3+ 28. Kh2 Nxg4+ 29. Kxh3 Nxe3+ 30. Kh2 Rxg2+ 31. Kh1 Rh2+ 32. Kg1 Rag2# 0-1

[Event "Remote Random-163 email"]
[Site "Remote email"]
[Date "2013.06.26"]
[Round "?"]
[White "Langschmidt, Dirk"]
[Black "Brueske, Thomas"]
[Result "0-1"]
[WhiteElo "1980"]
[BlackElo "2310"]
[PlyCount "102"]
[EventDate "2013.??.??"]
[EventType "tourn (corr)"]
[EventRounds "6"]
[EventCountry "GER"]
[SourceTitle "Corr 2015"]
[Source "ChessBase"]
[SourceDate "2015.07.17"]
[SourceVersion "1"]
[SourceVersionDate "2015.07.17"]
[SourceQuality "1"]

1. g3 c5 2. Bg2 Nc6 3. c3 e5 4. d3 d5 5. Nd2 Nf6 6. e4 Be7 7. Ngf3 0-0 8. 0-0 Be6 9. Qe2 d4 10. c4 Ne8 11. a3 h6 12. Ne1 a5 13. f4 exf4 14. gxf4 Nd6 15. f5 Bd7 16. Ndf3 Qc7 17. Bf4 Rae8 18. Qd2 Bc8 19. Bh3 g5 20. Bg3 f6 21. Bg4 Rd8 22. Bh5 Qb6 23. Bg6 Kg7 24. Qe2 Nf7 25. Rf2 Bd6 26. Bxf7 Kxf7 27. e5 fxe5 28. Nxg5+ hxg5 29. Qh5+ Ke7 30. Qxg5+ Kd7 31. Qg7+ Ne7 32. f6 Rg8 33. Qh7 Rh8 34. Qg7 Rdg8 35. Qf7 Rf8 36. Qg7 Rhg8 37. Qh7 e4 38. fxe7 Rxg3+ 39. hxg3 Rxf2 40. Qxe4 Bxe7 41. Kxf2 Qxb2+ 42. Nc2 Qxc2+ 43. Qe2 Qxe2+ 44. Kxe2 Kc6 45. Rb1 Bd6 46. Kf3 Bf5 47. Rd1 b5 48. g4 Bg6 49. cxb5+ Kxb5 50. Rb1+ Kc6 51. Ke2 c4 0-1

[Event "Remote S7E High-145 email"]
[Site "Remote email"]
[Date "2013.06.11"]
[Round "?"]
[White "Brueske, Thomas"]
[Black "Faber, Hans Alban"]
[Result "0-1"]
[WhiteElo "2310"]
[BlackElo "2504"]
[PlyCount "150"]
[EventDate "2013.??.??"]
[EventType "tourn (corr)"]
[EventRounds "6"]
[EventCountry "GER"]
[SourceTitle "Corr 2015"]
[Source "ChessBase"]
[SourceDate "2015.07.17"]
[SourceVersion "1"]
[SourceVersionDate "2015.07.17"]
[SourceQuality "1"]

1. d4 Nf6 2. c4 e6 3. Nf3 d5 4. e3 Be7 5. Bd3 dxc4 6. Bxc4 0-0 7. 0-0 a6 8. a3 Nbd7 9. b4 b6 10. Bb2 c5 11. bxc5 bxc5 12. Nbd2 Rb8 13. Qc2 Bb7 14. Rab1 h6 15. dxc5 Bxc5 16. Bd3 Qe7 17. Nc4 Ba7 18. Qe2 Rfc8 19. Nfd2 Bc6 20. Rfd1 Bb5 21. Qf3 e5 22. Qh3 Rc5 23. Rdc1 Rd5 24. Bf5 e4 25. g4 h5 26. gxh5 Nc5 27. Ba1 Ne8 28. Kh1 Nd3 29. Rf1 Bxc4 30. Rxb8 Bxb8 31. h6 Rxf5 32. hxg7 Nxg7 33. Bxg7 Kxg7 34. Qxf5 Qd6 35. Rg1+ Kf8 36. Qc8+ Ke7 37. Qb7+ Bc7 38. Qxe4+ Kd7 39. Qg4+ Be6 40. Qa4+ Kc8 41. Rg2 f5 42. f3 Bf7 43. Nb3 f4 44. e4 a5 45. Rd2 Bh5 46. Nd4 Ne5 47. Rd1 Bb6 48. Kg2 Qg6+ 49. Kf1 Bxf3 50. Nxf3 Nxf3 51. Qd7+ Kb8 52. Qd6+ Qxd6 53. Rxd6 Nxh2+ 54. Kg2 Bc7 55. Rd2 Ng4 56. a4 Ne5 57. Rb2+ Kc8 58. Kf1 f3 59. Rc2 Kb7 60. Rh2 Bb6 61. Rh7+ Kc6 62. Rh6+ Kc5 63. Re6 Ng4 64. Kg1 Bc7 65. Rg6 Nh2 66. Rg7 Bf4 67. Kf2 Kd4 68. Rd7+ Kxe4 69. Re7+ Be5 70. Kg1 Ng4 71. Kf1 Ke3 72. Rf7 Nh2+ 73. Kg1 Ke2 74. Rf5 Ng4 75. Rf8 Nf6 0-1

[Event "Remote S7E High email"]
[Site "Remote email"]
[Date "2013.06.11"]
[Round "?"]
[White "Brueske, Thomas"]
[Black "Scherer, Andreas"]
[Result "0-1"]
[WhiteElo "2300"]
[BlackElo "2527"]
[PlyCount "76"]
[EventDate "2013.??.??"]
[EventType "tourn (corr)"]
[EventRounds "6"]
[EventCountry "GER"]
[SourceTitle "Corr 2015"]
[Source "ChessBase"]
[SourceDate "2015.07.17"]
[SourceVersion "1"]
[SourceVersionDate "2015.07.17"]
[SourceQuality "1"]

1. d4 Nf6 2. Nf3 e6 3. c4 b6 4. a3 Bb7 5. Nc3 d5 6. Qc2 dxc4 7. e4 c5 8. dxc5 Bxc5 9. Bxc4 0-0 10. 0-0 Nbd7 11. Bf4 Nh5 12. Bg5 Qc7 13. Nb5 Qc8 14. Rad1 h6 15. Bh4 a6 16. Nd6 Bxd6 17. Rxd6 b5 18. Bd3 Nc5 19. b4 Nxd3 20. Qxd3 Qc7 21. Rd4 f6 22. Rd1 e5 23. Rd7 Qc6 24. Re1 Nf4 25. Qd1 Rae8 26. Qd2 Qc8 27. Bg3 Ne6 28. h3 Nd4 29. Qa2+ Kh7 30. Rf7 Qc3 31. Re3 Nxf3+ 32. gxf3 Qc1+ 33. Kg2 Rxf7 34. Qxf7 Rd8 35. f4 Bxe4+ 36. Rxe4 Qc6 37. f3 Rd2+ 38. Kg1 Qc2 0-1